000
00197 a2200097 4500
001
11366
100
_a
Warburg, J.
245
_a
Southast Asia
260
_a
_b
Randam House
_c
090
_c
8915
_d
8915
942
_a
NUST-CAE
_c
M
_c
35728
999
_c
246439
_d
246439